BSOP header

Traumatic brain injury rehabilitation : (Record no. 43256)

MARC details
000 -LEADER
fixed length control field 01013pam a2200301 a 4500
001 - CONTROL NUMBER
control field 1181204
005 - DATE AND TIME OF LATEST TRANSACTION
control field 20180913105514.0
008 - FIXED-LENGTH DATA ELEMENTS--GENERAL INFORMATION
fixed length control field 970613s1998 maua b 001 0 eng c
010 ## - LIBRARY OF CONGRESS CONTROL NUMBER
LC control number 97026005
020 ## - INTERNATIONAL STANDARD BOOK NUMBER
International Standard Book Number 0750699728
040 ## - CATALOGING SOURCE
Original cataloging agency DNLM/DLC
Transcribing agency DLC
Modifying agency DLC
245 00 - TITLE STATEMENT
Title Traumatic brain injury rehabilitation :
Remainder of title children and adolescents /
Statement of responsibility, etc [edited by] Mark Ylvisaker.
250 ## - EDITION STATEMENT
Edition statement 2nd ed.
260 ## - PUBLICATION, DISTRIBUTION, ETC. (IMPRINT)
Place of publication, distribution, etc Boston :
Name of publisher, distributor, etc Butterworth-Heinemann,
Date of publication, distribution, etc c1998.
300 ## - PHYSICAL DESCRIPTION
Extent xiv, 479 p. :
Other physical details ill. ;
Dimensions 26 cm.
336 ## - CONTENT TYPE
Content Type Term text
337 ## - MEDIA TYPE
Media Type Term unmediated
338 ## - CARRIER TYPE
Carrier Type Term volume
500 ## - GENERAL NOTE
General note Rev. ed. of: Head injury rehabilitation. c1985.
504 ## - BIBLIOGRAPHY, ETC. NOTE
Bibliography, etc Includes bibliographical references and index.
650 #0 - SUBJECT ADDED ENTRY--TOPICAL TERM
Topical term or geographic name as entry element Brain
General subdivision Wounds and injuries
-- Complications.
650 #0 - SUBJECT ADDED ENTRY--TOPICAL TERM
Topical term or geographic name as entry element Brain-damaged children
General subdivision Rehabilitation.
650 12 - SUBJECT ADDED ENTRY--TOPICAL TERM
Topical term or geographic name as entry element Brain Injuries
General subdivision in infancy & childhood.
650 22 - SUBJECT ADDED ENTRY--TOPICAL TERM
Topical term or geographic name as entry element Brain Injuries
General subdivision rehabilitation.
700 1# - ADDED ENTRY--PERSONAL NAME
Personal name Ylvisaker, Mark,
Dates associated with a name 1944-
730 0# - ADDED ENTRY--UNIFORM TITLE
Uniform title Head injury rehabilitation.
942 ## - ADDED ENTRY ELEMENTS (KOHA)
Source of classification or shelving scheme Library of Congress Classification
Item type Books
Holdings
Withdrawn status Lost status Source of classification or shelving scheme Damaged status Not for loan Home library Current library Shelving location Date acquired Source of acquisition Inventory number Total Checkouts Full call number Barcode Date last seen Price effective from Koha item type
    Library of Congress Classification     BSOP Library BSOP Library GC 09/13/2018 Dr. Kirwan Collection 42808   RJ496 T69 1998 00053808 09/13/2018 09/13/2018 Books
BSOP

Biblical Seminary of the Philippines
  All rights Reserved
  © 2024

CONTACT INFORMATION

Biblical Seminary of the Philippines,
  77-B Karuhatan Road, Valenzuela City,
  PHILIPPINES 1441
  Phone: +632 8292-6795 / 8292-6798
  Fax : +632 8292-6675
  Email: library@bsop.edu.ph